ARRUPE JESUIT UNIVERSITY

CORONAVIRUS -STOP THE SPREAD - CLEAN,DISINFECT,COVER

An introduction to christology : (Record no. 124374)

MARC details
000 -LEADER
fixed length control field 01022nam a2200277 a 4500
001 - CONTROL NUMBER
control field 2145459
003 - CONTROL NUMBER IDENTIFIER
control field ARRUPE
005 - DATE AND TIME OF LATEST TRANSACTION
control field 20160315145032.0
008 - FIXED-LENGTH DATA ELEMENTS--GENERAL INFORMATION
fixed length control field 980320s1998 ctu b 001 0 eng
010 ## - LIBRARY OF CONGRESS CONTROL NUMBER
LC control number 98060129
020 ## - INTERNATIONAL STANDARD BOOK NUMBER
International Standard Book Number 0896229246 (pbk.)
040 ## - CATALOGING SOURCE
Original cataloging agency DLC
Transcribing agency DLC
050 00 - LIBRARY OF CONGRESS CALL NUMBER
Classification number BT198
Item number .L87 1998
082 00 - DEWEY DECIMAL CLASSIFICATION NUMBER
Classification number 232/.09/015
Edition number 21
300 ## - PHYSICAL DESCRIPTION
Dimensions 23 cm.
100 1# - MAIN ENTRY--PERSONAL NAME
Personal name Luttenberger, Gerard H.
9 (RLIN) 22935
245 13 - TITLE STATEMENT
Title An introduction to christology :
Remainder of title in the Gospels and early church /
Statement of responsibility, etc Gerard H. Luttenberger.
246 1# - VARYING FORM OF TITLE
Display text At head of title:
Title proper/short title Who do you say that I am?
260 ## - PUBLICATION, DISTRIBUTION, ETC. (IMPRINT)
Place of publication, distribution, etc Mystic, CT :
Name of publisher, distributor, etc Twenty-Third Publications,
Date of publication, distribution, etc c1998.
300 ## - PHYSICAL DESCRIPTION
Extent 382 p. ;
504 ## - BIBLIOGRAPHY, ETC. NOTE
Bibliography, etc Includes bibliographical references (p. 376-378) and index.
600 00 - SUBJECT ADDED ENTRY--PERSONAL NAME
Personal name Jesus Christ
General subdivision History of doctrines
Chronological subdivision Early church, ca. 30-600.
9 (RLIN) 3540
600 00 - SUBJECT ADDED ENTRY--PERSONAL NAME
Personal name Jesus Christ
General subdivision Person
9 (RLIN) 22746
906 ## - LOCAL DATA ELEMENT F, LDF (RLIN)
a 7
b cbc
c orignew
d 2
e opcn
f 19
g y-gencatlg
942 ## - ADDED ENTRY ELEMENTS (KOHA)
Source of classification or shelving scheme Library of Congress Classification
Koha item type Monograph ( Printed materials)
Holdings
Withdrawn status Lost status Source of classification or shelving scheme Damaged status Not for loan Collection code Home library Current library Shelving location Date acquired Total Checkouts Full call number Barcode Date last seen Date checked out Price effective from Koha item type
    Library of Congress Classification     Main Collection ARRUPE LIBRARY ARRUPE LIBRARY Main Collection 15/03/2016 2 BT198 .L87 1998 46500006650 07/11/2017 18/10/2017 15/03/2016 Monograph ( Printed materials)

 

Arrupe Library. PO Box MP320 Mt Pleasant, Harare, Zimbabwe
263 242 745411|librarian@aju.ac.zw